| 000 | 00336nam a22001451a 4500 | ||
|---|---|---|---|
| 082 |
_a780.954 _bNIG/M |
||
| 100 | _aNigam V S | ||
| 245 |
_aMusicology of India (Part1)/ _cby Nigam V S |
||
| 260 |
_aLucknow: _bKesar Kumari Nigam, _c1992. |
||
| 300 | _a155p. | ||
| 650 | _aMusic India | ||
| 650 | _aMusic | ||
| 650 | _aArts | ||
| 942 | _cBK | ||
| 999 |
_c29877 _d29877 |
||